000 00744nam a22002537a 4500
003 UA-OsUOA
001 26699
007 ta
008 20040608b un ||||| |||| 00| 0 ukr d
100 _aБрегг П. С.
090 _a611.8
_bБ87
942 _cBK
040 _aUA-OsUOA
_bukr
_cUA-OsUOA
_dUA-OsUOA
245 _aНервова сила: як зробити її могутньою. Ваше волосся та ваше здоров'я
300 _a90 с.
955 _a2
041 _aukr
080 _a611.8
020 _a5-7707-0318-0
260 _aК.
_bБоривітер
_c1995
044 _aUA
650 7 _a611 Анатомія. Людська та порівняльна анатомія
_2UDC
999 _c313027
_d313027